Sagalassos VI (Record no. 139874)
[ view plain ]
| 000 -LEADER | |
|---|---|
| fixed length control field | 01588nam a2200373 a 4500 |
| 082 04 - DEWEY DECIMAL CLASSIFICATION NUMBER | |
| Classification number | 956.2 |
| 245 00 - TITLE STATEMENT | |
| Title | Sagalassos VI |
| 260 ## - PUBLICATION, DISTRIBUTION, ETC. (IMPRINT) | |
| Place of publication | Leuven : |
| Name of publisher | Leuven University Press, |
| Year of publication | c2008. |
| 300 ## - PHYSICAL DESCRIPTION | |
| Number of Pages | viii, 328 p. : |
| Other physical details | ill., maps. |
| 505 0# - FORMATTED CONTENTS NOTE | |
| Formatted contents note | pt. 1. The geological setting -- pt. 2. The geomorphological setting -- pt. 3. The climatic setting -- pt. 4. Exploitation of local resources and the import of subsistence goods. |
| 650 #0 - SUBJECT ADDED ENTRY--TOPICAL TERM | |
| Topical Term | Archaeological geology |
| 700 1# - ADDED ENTRY--PERSONAL NAME | |
| Personal name | Degryse, Patrick. |
| Personal name | Waelkens, Marc. |
| 856 40 - ELECTRONIC LOCATION AND ACCESS | |
| Uniform Resource Identifier | http://site.ebrary.com/lib/rucke/Doc?id=10452809 |
No items available.
